000 00696nam a2200265Ia 4500
003 OSt
005 20221006160224.0
006 a|||||r|||| 00| 0
007 ta
008 221006b |||||||| |||| 00| 0 eng d
020 _a9781557134127
_c
_13.95
024 _a44,653
037 _bGift, Window on Korea
_cTextual
040 _aEASL
_cEASL
_beng
041 _2eng
_aeng
082 _aO495,1N33, Q1
100 _aUn Ko
_9672488
245 0 _aHimalaya Poems
260 _aKobenhavn
_bGren Integer
_c2011
300 _a136p.
_ccm.
490 _v KEL
650 _aKEL
942 _hO495,1N33, Q1
_cTEXL
_2CC
999 _c1112745
_d1112745